[Event "Chess Summer IM"]
[Site "Aarhus"]
[Date "2002.07.06"]
[Round "2"]
[White "Palo, Davor"]
[Black "Hanley, Craig"]
[Result "1-0"]
[WhiteElo "2394"]
[BlackElo "2331"]
[PlyCount "79"]
[EventDate "2002.07.05"]
[EventType "tourn"]
[EventRounds "9"]
[EventCountry "DEN"]
[EventCategory "6"]
[SourceTitle "CBM 089 Extra"]
[Source "ChessBase"]
[SourceDate "2002.09.10"]

1. d4 d5 2. c4 c6 3. Nf3 Nf6 4. Nc3 dxc4 5. a4 Bf5 6. e3 e6 7. Bxc4 Bb4 8. O-O
O-O 9. Qe2 Bg6 10. Ne5 Nbd7 11. Nxg6 hxg6 12. Rd1 Qa5 13. Qc2 Rac8 14. Na2 b5
15. Nxb4 Qxb4 16. Be2 a6 17. b3 Qd6 18. Ba3 b4 19. Bb2 c5 20. dxc5 Qxc5 21. Qd3
Qc2 22. Bxf6 gxf6 23. Qxc2 Rxc2 24. Bxa6 Nc5 25. Bc4 Rc3 26. Rdb1 Ne4 27. Rc1
Rc8 28. Rxc3 bxc3 29. Rc1 Rd8 30. f3 c2 31. Rxc2 Rd1+ 32. Bf1 Nd2 33. Kf2 Nxf1
34. Ra2 Nd2 35. Ke2 Nb1 36. Kxd1 Nc3+ 37. Kd2 Nxa2 38. Kd3 Kf8 39. Kc4 Ke7 40.
h4 1-0

[Event "Chess Summer IM"]
[Site "Aarhus"]
[Date "2002.07.11"]
[Round "7"]
[White "Peralta, Fernando"]
[Black "Bromann, Thorbjorn"]
[Result "1-0"]
[WhiteElo "2478"]
[BlackElo "2378"]
[PlyCount "57"]
[EventDate "2002.07.05"]
[EventType "tourn"]
[EventRounds "9"]
[EventCountry "DEN"]
[EventCategory "6"]
[SourceTitle "CBM 089 Extra"]
[Source "ChessBase"]
[SourceDate "2002.09.10"]

1. Nf3 d5 2. c4 d4 3. b4 f6 4. e3 e5 5. c5 a5 6. Bb5+ Nc6 7. exd4 exd4 8. O-O
Bd7 9. Re1+ Be7 10. d3 Nxb4 11. Nxd4 c6 12. Bc4 Kf8 13. Nc3 g6 14. Ne4 h5 15.
Qb3 Nh6 16. Nd6 b5 17. Bxh6+ Rxh6 18. Bg8 Nd5 19. Nf7 a4 20. Qb2 Kxg8 21. Nxd8
Rxd8 22. Ne6 Re8 23. Qd4 Bc8 24. Re2 Kf7 25. Rae1 Rhh8 26. Nf4 Nxf4 27. Qxf4
Bd8 28. Rxe8 Rxe8 29. Rxe8 1-0

[Event "Chess Summer IM"]
[Site "Aarhus"]
[Date "2002.07.13"]
[Round "9"]
[White "Peralta, Fernando"]
[Black "Rasmussen, Allan Stig"]
[Result "0-1"]
[WhiteElo "2478"]
[BlackElo "2305"]
[PlyCount "151"]
[EventDate "2002.07.05"]
[EventType "tourn"]
[EventRounds "9"]
[EventCountry "DEN"]
[EventCategory "6"]
[SourceTitle "CBM 089 Extra"]
[Source "ChessBase"]
[SourceDate "2002.09.10"]

1. Nf3 f5 2. g3 Nf6 3. Bg2 d6 4. d4 e6 5. O-O Be7 6. c4 O-O 7. Nc3 Qe8 8. b3 a5
9. Bb2 Na6 10. e3 c6 11. Qe2 Qh5 12. e4 fxe4 13. Nxe4 Nxe4 14. Qxe4 e5 15. dxe5
Bf5 16. Qe3 dxe5 17. Nxe5 Rfe8 18. Rad1 Bc5 19. Qf4 Rf8 20. g4 Qh4 21. Qg3 Qxg3
22. hxg3 Be6 23. Bd4 Bd6 24. g5 a4 25. f4 Nb4 26. Rd2 axb3 27. axb3 Ra3 28. Rf3
Bf5 29. Kh2 Rfa8 30. Bh3 Ra2 31. Rff2 Bb1 32. Be6+ Kf8 33. Kh3 Rxd2 34. Rxd2
Ra2 35. Rd1 Ke7 36. f5 Be4 37. Re1 Bg2+ 38. Kh4 Nc2 39. Re2 Bf1 40. Rf2 Nxd4
41. Rxa2 Bxe5 42. Ra7 Nxe6 43. fxe6 Kxe6 44. Rxb7 Be2 45. Rb6 Kd6 46. Rb7 Bc3
47. Kh3 Kc5 48. Kg2 Bd1 49. Kf2 g6 50. Ke3 Bb4 51. Rxh7 Bxb3 52. Rg7 Bc2 53.
Rc7 Bf5 54. Ke2 Ba5 55. Ra7 Bd8 56. Ra6 Bxg5 57. Kf2 Bd8 58. Ra8 Bb6 59. Rb8
Bd3 60. Rb7 Bxc4 61. Ke3 Ba2 62. Ke4 Ba5 63. Kd3 Be6 64. Re7 Bf5+ 65. Ke3 Bc3
66. Re8 Kc4 67. g4 Bb1 68. Rb8 Bb4 69. Rh8 Bc5+ 70. Kd2 Be4 71. Rd8 Be7 72. Ra8
Bg5+ 73. Ke2 Bf4 74. Re8 Bd3+ 75. Kd1 g5 76. Re6 0-1

[Event "Chess Summer IM"]
[Site "Aarhus"]
[Date "2002.07.08"]
[Round "4"]
[White "Peralta, Fernando"]
[Black "Vinter Schou, Uffe"]
[Result "1-0"]
[WhiteElo "2478"]
[BlackElo "2342"]
[PlyCount "63"]
[EventDate "2002.07.05"]
[EventType "tourn"]
[EventRounds "9"]
[EventCountry "DEN"]
[EventCategory "6"]
[SourceTitle "CBM 089 Extra"]
[Source "ChessBase"]
[SourceDate "2002.09.10"]

1. Nf3 c5 2. c4 Nc6 3. e3 Nf6 4. Nc3 e6 5. d4 d5 6. cxd5 Nxd5 7. Bc4 cxd4 8.
exd4 Bb4 9. Qd3 O-O 10. a3 Be7 11. O-O Nxc3 12. bxc3 Bf6 13. Re1 b6 14. h4 Bb7
15. Ng5 g6 16. Rxe6 fxe6 17. Nxe6 Qc8 18. Nxf8+ Kxf8 19. Bh6+ Bg7 20. Qe3 Qf5
21. Re1 b5 22. Ba2 Rc8 23. Be6 Re8 24. Bxf5 Rxe3 25. Bxg7+ Kxg7 26. Rxe3 gxf5
27. d5 Na5 28. d6 Be4 29. f3 Bc6 30. d7 Nb7 31. Re8 f4 32. Rb8 1-0

[Event "Chess Summer IM"]
[Site "Aarhus"]
[Date "2002.07.08"]
[Round "4"]
[White "Rasmussen, Allan Stig"]
[Black "Holst, Allan"]
[Result "1-0"]
[WhiteElo "2305"]
[BlackElo "2390"]
[PlyCount "81"]
[EventDate "2002.07.05"]
[EventType "tourn"]
[EventRounds "9"]
[EventCountry "DEN"]
[EventCategory "6"]
[SourceTitle "CBM 089 Extra"]
[Source "ChessBase"]
[SourceDate "2002.09.10"]

1. e4 Nf6 2. e5 Nd5 3. d4 d6 4. Nf3 dxe5 5. Nxe5 c6 6. a3 Nd7 7. Bd3 g6 8. O-O
Bg7 9. Qe2 O-O 10. Rd1 a5 11. c4 Nc7 12. Be3 Qe8 13. f4 Rb8 14. Nc3 Nf6 15. b4
axb4 16. axb4 Be6 17. Ra5 Kh8 18. b5 Ra8 19. Rda1 Rxa5 20. Rxa5 cxb5 21. Nxb5
Nxb5 22. Rxb5 Qa8 23. h3 Kg8 24. Qf3 Bc8 25. d5 Ne8 26. Rb1 Qa3 27. Bf2 Qc3 28.
Be1 Qd4+ 29. Bf2 Qc3 30. Qe3 Bf6 31. Be1 Qa3 32. Bb4 Qa2 33. Ng4 Bxg4 34. hxg4
Nd6 35. g5 Nf5 36. Bxf5 gxf5 37. gxf6 Qxb1+ 38. Kh2 Kh8 39. fxe7 Qxb4 40. Qc3+
Qxc3 41. exf8=Q# 1-0

[Event "Chess Summer IM"]
[Site "Aarhus"]
[Date "2002.07.07"]
[Round "3"]
[White "Rasmussen, Allan Stig"]
[Black "Rasmussen, Karsten"]
[Result "0-1"]
[WhiteElo "2305"]
[BlackElo "2404"]
[PlyCount "80"]
[EventDate "2002.07.05"]
[EventType "tourn"]
[EventRounds "9"]
[EventCountry "DEN"]
[EventCategory "6"]
[SourceTitle "CBM 089 Extra"]
[Source "ChessBase"]
[SourceDate "2002.09.10"]

1. e4 c6 2. d4 d5 3. exd5 cxd5 4. c3 Nc6 5. Bd3 Nf6 6. h3 e5 7. dxe5 Nxe5 8.
Bc2 Bd6 9. Nf3 O-O 10. O-O Re8 11. Bg5 h6 12. Bh4 Nc4 13. Qd3 g5 14. Nxg5 hxg5
15. Bxg5 Ne5 16. Qd4 Bf8 17. Qh4 Bg7 18. Nd2 Ng6 19. Qg3 Nh5 20. Bxd8 Nxg3 21.
fxg3 Rxd8 22. Nf3 Be6 23. Ng5 Nf8 24. Rae1 Rac8 25. Bd3 d4 26. cxd4 Bxa2 27.
Kh2 Rxd4 28. Bf5 Rcd8 29. h4 Bc4 30. Rf3 Bd5 31. Rf2 a5 32. h5 a4 33. g4 Rb4
34. Rd1 Rxb2 35. Rxb2 Bxb2 36. Be4 Bf6 37. Rxd5 Rxd5 38. Bxd5 Bxg5 39. Bxb7 Nd7
40. Bd5 Nf6 0-1

[Event "Chess Summer IM"]
[Site "Aarhus"]
[Date "2002.07.05"]
[Round "1"]
[White "Rasmussen, Allan Stig"]
[Black "Bromann, Thorbjorn"]
[Result "1/2-1/2"]
[WhiteElo "2305"]
[BlackElo "2378"]
[PlyCount "84"]
[EventDate "2002.07.05"]
[EventType "tourn"]
[EventRounds "9"]
[EventCountry "DEN"]
[EventCategory "6"]
[SourceTitle "CBM 089 Extra"]
[Source "ChessBase"]
[SourceDate "2002.09.10"]

1. e4 e6 2. d4 d5 3. Nd2 c5 4. Ngf3 cxd4 5. exd5 Qxd5 6. Bc4 Qd6 7. O-O Nf6 8.
Nb3 Nc6 9. Nbxd4 Nxd4 10. Qxd4 Bd7 11. Bf4 Qxd4 12. Nxd4 Rc8 13. Be2 Bc5 14.
Nb3 Bb6 15. c4 Ne4 16. Bd3 Bc6 17. Rae1 Nc5 18. Nxc5 Bxc5 19. Be3 Bxe3 20. Rxe3
O-O 21. b4 Rfd8 22. c5 Rd4 23. Rb1 Rcd8 24. b5 Bd5 25. h3 f5 26. Be2 Rd2 27.
Bf3 Bxf3 28. gxf3 Rxa2 29. c6 bxc6 30. bxc6 Rc2 31. Rxe6 Rc8 32. Rb7 R2xc6 33.
Rxc6 Rxc6 34. Rxa7 Re6 35. Ra5 Rf6 36. Ra7 g6 37. Kg2 Rf7 38. Ra4 Kg7 39. Kg3
Rb7 40. Kg2 Kf6 41. Ra5 Kg5 42. Kg3 Rb4 1/2-1/2

[Event "Chess Summer IM"]
[Site "Aarhus"]
[Date "2002.07.10"]
[Round "6"]
[White "Rasmussen, Allan Stig"]
[Black "Hanley, Craig"]
[Result "1-0"]
[WhiteElo "2305"]
[BlackElo "2331"]
[PlyCount "47"]
[EventDate "2002.07.05"]
[EventType "tourn"]
[EventRounds "9"]
[EventCountry "DEN"]
[EventCategory "6"]
[SourceTitle "CBM 089 Extra"]
[Source "ChessBase"]
[SourceDate "2002.09.10"]

1. e4 e6 2. d3 d5 3. Nd2 Nf6 4. f4 b6 5. Ngf3 Be7 6. c3 Bb7 7. e5 Nfd7 8. d4 c5
9. a3 a5 10. Bd3 Ba6 11. Nf1 b5 12. f5 exf5 13. Bxf5 g6 14. Bh3 cxd4 15. e6
fxe6 16. Nxd4 Bc5 17. Nxe6 Qh4+ 18. Ng3 Qf6 19. Qxd5 Bf2+ 20. Kd1 Bxg3 21. hxg3
Ra7 22. Bg5 Qf2 23. Nc7+ Kf8 24. Qd6+ 1-0

[Event "Chess Summer IM"]
[Site "Aarhus"]
[Date "2002.07.10"]
[Round "6"]
[White "Rasmussen, Karsten"]
[Black "Peralta, Fernando"]
[Result "1/2-1/2"]
[WhiteElo "2404"]
[BlackElo "2478"]
[PlyCount "46"]
[EventDate "2002.07.05"]
[EventType "tourn"]
[EventRounds "9"]
[EventCountry "DEN"]
[EventCategory "6"]
[SourceTitle "CBM 089 Extra"]
[Source "ChessBase"]
[SourceDate "2002.09.10"]

1. c4 f5 2. g3 Nf6 3. Bg2 e6 4. Nf3 Be7 5. O-O O-O 6. d4 d5 7. Nbd2 c6 8. Ne5
Nbd7 9. Nd3 Qe8 10. Qc2 Ne4 11. b3 Kh8 12. a4 a5 13. Rb1 Qh5 14. f3 Nxd2 15.
Bxd2 Nf6 16. c5 Qe8 17. Bf4 Qd8 18. b4 axb4 19. Rxb4 Nd7 20. Rb2 g5 21. Be3 Bf6
22. f4 gxf4 23. gxf4 Rg8 1/2-1/2

[Event "Chess Summer IM"]
[Site "Aarhus"]
[Date "2002.07.12"]
[Round "8"]
[White "Rasmussen, Karsten"]
[Black "Bromann, Thorbjorn"]
[Result "1-0"]
[WhiteElo "2404"]
[BlackElo "2378"]
[PlyCount "63"]
[EventDate "2002.07.05"]
[EventType "tourn"]
[EventRounds "9"]
[EventCountry "DEN"]
[EventCategory "6"]
[SourceTitle "CBM 089 Extra"]
[Source "ChessBase"]
[SourceDate "2002.09.10"]

1. e4 e6 2. d4 d5 3. Nd2 c5 4. exd5 Qxd5 5. Ngf3 cxd4 6. Bc4 Qd6 7. Qe2 Nf6 8.
Nb3 Nc6 9. Bg5 a6 10. O-O-O b5 11. Bd3 Be7 12. Kb1 e5 13. Bxf6 gxf6 14. Nh4 Bf8
15. Be4 Ra7 16. Rhe1 Be6 17. Qf3 Ne7 18. Qxf6 Rg8 19. Bxh7 Nd5 20. Qf3 Rh8 21.
Qd3 Rc7 22. Nf5 Bxf5 23. Bxf5 Ne7 24. Bh3 b4 25. Qe4 f6 26. f4 Bg7 27. fxe5
fxe5 28. Qa8+ Nc8 29. Bxc8 Ke7 30. Nxd4 Qc5 31. Qxa6 Rhxc8 32. Qe6+ 1-0

[Event "Chess Summer IM"]
[Site "Aarhus"]
[Date "2002.07.06"]
[Round "2"]
[White "Rasmussen, Karsten"]
[Black "Vinter Schou, Uffe"]
[Result "1/2-1/2"]
[WhiteElo "2404"]
[BlackElo "2342"]
[PlyCount "107"]
[EventDate "2002.07.05"]
[EventType "tourn"]
[EventRounds "9"]
[EventCountry "DEN"]
[EventCategory "6"]
[SourceTitle "CBM 089 Extra"]
[Source "ChessBase"]
[SourceDate "2002.09.10"]

1. d4 Nf6 2. Nf3 c5 3. d5 b5 4. Bg5 Ne4 5. Bf4 Bb7 6. a4 Qa5+ 7. Nbd2 Bxd5 8.
axb5 Qb6 9. Ra4 Qb7 10. e3 d6 11. Nc4 Nf6 12. Na5 Qc7 13. c4 Be4 14. Nd2 Bb7
15. Be2 e5 16. Bg5 Nbd7 17. Nxb7 Qxb7 18. O-O Be7 19. Qb1 O-O 20. Bf3 d5 21.
cxd5 Qxb5 22. Qa2 Bd6 23. Nc4 Qb8 24. Ra6 e4 25. Nxd6 exf3 26. gxf3 Nb6 27.
Bxf6 Qxd6 28. Bh4 Qxd5 29. Qxd5 Nxd5 30. Rd1 Nc7 31. Ra5 Ne6 32. Bg3 Rfc8 33.
Rd7 c4 34. Be5 a6 35. Rb7 Nc5 36. Rc7 Rxc7 37. Bxc7 Nd3 38. Ra2 f6 39. Ba5 Kf7
40. Kf1 Ke6 41. Bc3 Nc5 42. e4 a5 43. Rxa5 Rxa5 44. Bxa5 Na4 45. f4 Nxb2 46.
f5+ Kf7 47. Ke2 g6 48. fxg6+ hxg6 49. f3 Ke6 50. Ke3 g5 51. Kd4 Nd3 52. Bc7 f5
53. Kxc4 Ne1 54. exf5+ 1/2-1/2

[Event "Chess Summer IM"]
[Site "Aarhus"]
[Date "2002.07.08"]
[Round "4"]
[White "Rasmussen, Karsten"]
[Black "Palo, Davor"]
[Result "0-1"]
[WhiteElo "2404"]
[BlackElo "2394"]
[PlyCount "74"]
[EventDate "2002.07.05"]
[EventType "tourn"]
[EventRounds "9"]
[EventCountry "DEN"]
[EventCategory "6"]
[SourceTitle "CBM 089 Extra"]
[Source "ChessBase"]
[SourceDate "2002.09.10"]

1. c4 e6 2. Nf3 Nf6 3. Nc3 d5 4. d4 Bb4 5. Bg5 h6 6. Bh4 g5 7. Bg3 Ne4 8. Rc1
c5 9. a3 Bxc3+ 10. bxc3 Nc6 11. e3 cxd4 12. Nxd4 h5 13. cxd5 exd5 14. Nxc6 bxc6
15. Qd4 f6 16. f3 Nxg3 17. hxg3 Qd6 18. Kf2 Kf7 19. Be2 c5 20. Qd3 Be6 21. Rb1
Rad8 22. Rb7+ Rd7 23. Rxd7+ Bxd7 24. Rd1 Be6 25. Rb1 Qc7 26. c4 dxc4 27. Qe4 f5
28. Qc2 h4 29. gxh4 Rxh4 30. Qc3 Kg6 31. Rb5 a6 32. Rb1 Qg7 33. Qc2 Qe5 34. Rb6
Kg7 35. Rb7+ Kf6 36. Qa4 f4 37. exf4 gxf4 0-1

[Event "Chess Summer IM"]
[Site "Aarhus"]
[Date "2002.07.05"]
[Round "1"]
[White "Richards, Heather"]
[Black "Rasmussen, Karsten"]
[Result "1-0"]
[WhiteElo "2275"]
[BlackElo "2404"]
[PlyCount "99"]
[EventDate "2002.07.05"]
[EventType "tourn"]
[EventRounds "9"]
[EventCountry "DEN"]
[EventCategory "6"]
[SourceTitle "CBM 089 Extra"]
[Source "ChessBase"]
[SourceDate "2002.09.10"]

1. e4 c5 2. c3 d5 3. exd5 Qxd5 4. d4 g6 5. Be3 cxd4 6. cxd4 Bg7 7. Nc3 Qa5 8.
Nf3 Nh6 9. Bc4 O-O 10. h4 Nf5 11. h5 Nc6 12. hxg6 hxg6 13. a3 e5 14. d5 e4 15.
Nd2 Nxe3 16. fxe3 Ne5 17. Be2 Bf5 18. g4 Bxg4 19. Ndxe4 f5 20. Ng5 Qb6 21. Qd2
Bf6 22. Nh7 Bxe2 23. Qxe2 Rfe8 24. Nxf6+ Qxf6 25. O-O-O Ng4 26. e4 Rac8 27. Kb1
Rxc3 28. bxc3 Qxc3 29. Rd3 Qc4 30. Rh8+ Kf7 31. Rxe8 Qb5+ 32. Ka2 Qxe8 33. Qb2
Qxe4 34. Qxb7+ Kf6 35. Qc6+ Kg5 36. Qc3 Ne5 37. Rd4 Qe2+ 38. Rd2 Qe4 39. d6 Nf3
40. Rg2+ Kf4 41. Qc1+ Ke5 42. Qc5+ Kf6 43. Qc3+ Kf7 44. Qc7+ Kf6 45. Qc3+ Kf7
46. d7 Ke7 47. Rf2 Qe6+ 48. Ka1 Ng5 49. Rd2 Nf7 50. d8=Q+ 1-0

[Event "Chess Summer IM"]
[Site "Aarhus"]
[Date "2002.07.08"]
[Round "4"]
[White "Richards, Heather"]
[Black "Felgaer, Ruben"]
[Result "0-1"]
[WhiteElo "2275"]
[BlackElo "2509"]
[PlyCount "68"]
[EventDate "2002.07.05"]
[EventType "tourn"]
[EventRounds "9"]
[EventCountry "DEN"]
[EventCategory "6"]
[SourceTitle "CBM 089 Extra"]
[Source "ChessBase"]
[SourceDate "2002.09.10"]

1. e4 c5 2. c3 Nf6 3. e5 Nd5 4. Nf3 Nc6 5. Bc4 Nb6 6. Bb3 g6 7. d4 cxd4 8. Ng5
d5 9. exd6 e6 10. Qf3 Ne5 11. Qe4 Bg7 12. O-O O-O 13. Rd1 Nec4 14. cxd4 Nxd6
15. Qf3 h6 16. Ne4 Nf5 17. Be3 Bd7 18. g4 Nxe3 19. Qxe3 Bc6 20. Nbc3 Qh4 21. h3
Rad8 22. Kh2 Kh8 23. f4 f5 24. Nf2 g5 25. Ne2 fxg4 26. Nxg4 Nd5 27. Bxd5 Rxd5
28. Rd2 Rdf5 29. Rf1 h5 30. Ne5 Rxe5 31. dxe5 gxf4 32. Qc3 Rg8 33. Rf3 Qg5 34.
Rf2 f3 0-1

[Event "Chess Summer IM"]
[Site "Aarhus"]
[Date "2002.07.12"]
[Round "8"]
[White "Richards, Heather"]
[Black "Peralta, Fernando"]
[Result "1-0"]
[WhiteElo "2275"]
[BlackElo "2478"]
[PlyCount "79"]
[EventDate "2002.07.05"]
[EventType "tourn"]
[EventRounds "9"]
[EventCountry "DEN"]
[EventCategory "6"]
[SourceTitle "CBM 089 Extra"]
[Source "ChessBase"]
[SourceDate "2002.09.10"]

1. e4 Nf6 2. e5 Nd5 3. c4 Nb6 4. d4 d6 5. exd6 exd6 6. Nc3 Be7 7. h3 O-O 8. Nf3
Re8 9. Be2 Bf5 10. O-O Bf6 11. Re1 c6 12. Bf4 a5 13. Qd2 Na6 14. Rac1 Nc7 15.
b3 Ne6 16. Be3 d5 17. c5 Nd7 18. Na4 Be4 19. Nh2 g5 20. Nf1 Bg7 21. Ng3 Bg6 22.
Bg4 h6 23. Rcd1 Qf6 24. a3 Re7 25. Rf1 Ndf8 26. Nb6 Rae8 27. Qxa5 Bh8 28. Qd2
Qg7 29. Nf5 Bxf5 30. Bxf5 h5 31. b4 Qf6 32. Qc2 Ng7 33. g4 Nfe6 34. a4 Qh6 35.
gxh5 Qxh5 36. Bg4 Qh4 37. b5 Rf8 38. Bf5 Nh5 39. Bxe6 Rxe6 40. Qf5 1-0

[Event "Chess Summer IM"]
[Site "Aarhus"]
[Date "2002.07.10"]
[Round "6"]
[White "Richards, Heather"]
[Black "Vinter Schou, Uffe"]
[Result "0-1"]
[WhiteElo "2275"]
[BlackElo "2342"]
[PlyCount "104"]
[EventDate "2002.07.05"]
[EventType "tourn"]
[EventRounds "9"]
[EventCountry "DEN"]
[EventCategory "6"]
[SourceTitle "CBM 089 Extra"]
[Source "ChessBase"]
[SourceDate "2002.09.10"]

1. e4 c5 2. c3 Nf6 3. e5 Nd5 4. Nf3 d6 5. Bc4 Nb6 6. Bb3 c4 7. Bc2 Bg4 8. h3
Bxf3 9. Qxf3 dxe5 10. Qxb7 e6 11. b3 N8d7 12. Na3 Qc8 13. Qe4 f5 14. Qe2 Qc6
15. O-O Bxa3 16. Bxa3 Kf7 17. Qh5+ g6 18. Qh4 Nf6 19. Rae1 g5 20. Qg3 f4 21.
Qf3 Qxf3 22. gxf3 Rhd8 23. Re2 Rd5 24. Bc1 Rh8 25. Rfe1 Nfd7 26. bxc4 Nxc4 27.
Bb3 Ndb6 28. Bc2 Nd7 29. d3 Ncb6 30. Bb2 Ra5 31. Bb3 Na4 32. Ba1 Ndc5 33. Bc4
e4 34. d4 exf3 35. Rd2 Nb6 36. dxc5 Nxc4 37. Rd7+ Kf6 38. c6 Rc8 39. c7 h5 40.
Rh7 Re5 41. Rd1 g4 42. hxg4 hxg4 43. Rh4 Rxc7 44. Rxg4 Rg5 45. Rxg5 Kxg5 46.
Rb1 e5 47. Rb4 e4 48. Rb5+ Kg4 49. Bb2 Nxb2 50. Rxb2 e3 51. fxe3 fxe3 52. Rc2
Kg3 0-1

[Event "Chess Summer IM"]
[Site "Aarhus"]
[Date "2002.07.06"]
[Round "2"]
[White "Richards, Heather"]
[Black "Rasmussen, Allan Stig"]
[Result "0-1"]
[WhiteElo "2275"]
[BlackElo "2305"]
[PlyCount "104"]
[EventDate "2002.07.05"]
[EventType "tourn"]
[EventRounds "9"]
[EventCountry "DEN"]
[EventCategory "6"]
[SourceTitle "CBM 089 Extra"]
[Source "ChessBase"]
[SourceDate "2002.09.10"]

1. e4 c6 2. d4 d5 3. f3 e6 4. Nc3 Bb4 5. Bf4 Nf6 6. Qd3 b6 7. Nge2 Ba6 8. Qe3
Nbd7 9. e5 Ng8 10. a3 Be7 11. g4 g5 12. Bg3 h5 13. O-O-O Nf8 14. h3 Ng6 15. Rg1
Kd7 16. Kb1 Bc4 17. f4 hxg4 18. hxg4 Nh6 19. f5 exf5 20. gxf5 Nxf5 21. Qf3 Nxg3
22. Nxg3 Bxf1 23. Qxf7 Bh3 24. Qxg6 Qg8 25. Qd3 Qe6 26. Qa6 Kc7 27. Rd3 Qg6 28.
Rh1 Qg8 29. b4 Bc8 30. Rxh8 Bxa6 31. Rxg8 Rxg8 32. b5 Bc8 33. bxc6 Kxc6 34. Nd1
Rf8 35. Kb2 Be6 36. Nh5 Rf7 37. Ne3 g4 38. c4 Rf2+ 39. Kc3 dxc4 40. d5+ Kb7 41.
Nxc4 Bf5 42. Rg3 Bh4 43. Re3 Bg6 44. Nd6+ Kb8 45. Ne4 Bxh5 46. Nxf2 Bxf2 47.
Re2 g3 48. Kd2 Bxe2 49. Kxe2 Bd4 50. e6 Kc7 51. Kf3 Kd6 52. Kxg3 Bc5 0-1

[Event "Chess Summer IM"]
[Site "Aarhus"]
[Date "2002.07.09"]
[Round "5"]
[White "Vinter Schou, Uffe"]
[Black "Bromann, Thorbjorn"]
[Result "1-0"]
[WhiteElo "2342"]
[BlackElo "2378"]
[PlyCount "143"]
[EventDate "2002.07.05"]
[EventType "tourn"]
[EventRounds "9"]
[EventCountry "DEN"]
[EventCategory "6"]
[SourceTitle "CBM 089 Extra"]
[Source "ChessBase"]
[SourceDate "2002.09.10"]

1. e4 e6 2. d4 d5 3. Nc3 Nf6 4. e5 Nfd7 5. f4 c5 6. Nf3 Nc6 7. Be3 cxd4 8. Nxd4
Bc5 9. Qd2 O-O 10. g3 Nxd4 11. Bxd4 Bxd4 12. Qxd4 Qb6 13. Qxb6 Nxb6 14. Bd3 Bd7
15. O-O-O Rac8 16. Rhe1 Rc5 17. Ne2 a5 18. Nd4 Rfc8 19. g4 a4 20. a3 Nc4 21.
Re2 Na5 22. Kb1 Nc6 23. Nf3 Ne7 24. Nd4 Nc6 25. c3 Ra5 26. Rc1 Rc5 27. Rd1 Ra5
28. Re3 g6 29. Rc1 Kg7 30. h4 Rc5 31. Rh1 Ra5 32. g5 Ne7 33. h5 Rac5 34. Reh3
Rh8 35. Bc2 Rc4 36. Bd3 Rc5 37. R3h2 Ra5 38. Rc1 Rc5 39. Ka2 Rhc8 40. Rch1 Rh8
41. Bc2 Rc4 42. Bd3 Rc5 43. Kb1 Ra5 44. Kc1 Rc5 45. Kd2 Ra5 46. Rh3 Rc5 47. Be2
Ra5 48. Bg4 Ra6 49. Ke3 Nc8 50. R3h2 Ne7 51. Rd1 Rd8 52. Be2 Ra5 53. Bd3 Re8
54. Rh3 Rd8 55. Rd2 Re8 56. Bc2 Rd8 57. Bb1 Re8 58. Rdh2 Rh8 59. Kd2 Ra6 60.
Bd3 Ra5 61. Nc2 Raa8 62. Ne3 Raf8 63. Ng4 Rc8 64. Nf6 Bc6 65. Ke1 b6 66. Kd2
Ra8 67. hxg6 hxg6 68. Rh7+ Rxh7 69. Rxh7+ Kf8 70. Bb5 Bb7 71. Be8 Ra7 72. Rxf7#
1-0

[Event "Chess Summer IM"]
[Site "Aarhus"]
[Date "2002.07.13"]
[Round "9"]
[White "Vinter Schou, Uffe"]
[Black "Felgaer, Ruben"]
[Result "0-1"]
[WhiteElo "2342"]
[BlackElo "2509"]
[PlyCount "106"]
[EventDate "2002.07.05"]
[EventType "tourn"]
[EventRounds "9"]
[EventCountry "DEN"]
[EventCategory "6"]
[SourceTitle "CBM 089 Extra"]
[Source "ChessBase"]
[SourceDate "2002.09.10"]

1. e4 c5 2. Nf3 g6 3. d4 Bg7 4. d5 Nf6 5. Nc3 O-O 6. e5 Ng4 7. Ng5 Nh6 8. f4 d6
9. e6 fxe6 10. dxe6 Na6 11. Bc4 Nc7 12. Qd3 b5 13. Nxb5 Nxb5 14. Bxb5 Bb7 15.
O-O Qb6 16. c4 d5 17. Qh3 Rf5 18. Be3 d4 19. Bc1 Raf8 20. a4 a6 21. a5 Qd6 22.
Bd7 d3 23. Be3 d2 24. Nf7 Qd3 25. Rad1 Rh5 26. Rxd2 Qxd2 27. Nxh6+ Rxh6 28.
Bxd2 Rxh3 29. gxh3 Bd4+ 30. Rf2 Be4 31. Kf1 Bd3+ 32. Ke1 Bxf2+ 33. Kxf2 Bxc4
34. Kg3 Rb8 35. Bc3 Bb5 36. Be5 Rb7 37. Bc8 Ra7 38. h4 Bc6 39. Kg4 Ra8 40. Bd7
Bxd7 41. exd7 Rd8 42. h5 gxh5+ 43. Kxh5 Rxd7 44. Kg5 Rd5 45. Kf5 Kf7 46. h4 c4
47. Ke4 Rxa5 48. Kd4 h5 49. Kxc4 Ke6 50. Bc7 Rb5 51. b4 Kf5 52. Bd8 Rb7 53. Kc5
Kxf4 0-1

[Event "Chess Summer IM"]
[Site "Aarhus"]
[Date "2002.07.11"]
[Round "7"]
[White "Vinter Schou, Uffe"]
[Black "Rasmussen, Allan Stig"]
[Result "1-0"]
[WhiteElo "2342"]
[BlackElo "2305"]
[PlyCount "157"]
[EventDate "2002.07.05"]
[EventType "tourn"]
[EventRounds "9"]
[EventCountry "DEN"]
[EventCategory "6"]
[SourceTitle "CBM 089 Extra"]
[Source "ChessBase"]
[SourceDate "2002.09.10"]

1. d4 f5 2. Nf3 Nf6 3. g3 e6 4. Bg2 Be7 5. c4 d6 6. Nc3 O-O 7. O-O Qe8 8. Re1
Nc6 9. d5 Nd8 10. e4 Nxe4 11. Nxe4 fxe4 12. Nd2 e5 13. Nxe4 b6 14. c5 bxc5 15.
Nxc5 Qf7 16. Be3 c6 17. Ne4 Bb7 18. dxc6 Bxc6 19. Nxd6 Qe6 20. Ne4 Rb8 21. b3
a5 22. Rc1 Kh8 23. Nc5 Bxc5 24. Rxc5 Bxg2 25. Kxg2 Nb7 26. Rc7 Rbd8 27. Qc2 Nd6
28. Bc5 Rfe8 29. Bxd6 Rxd6 30. Re4 Rd4 31. Rc5 h6 32. Qe2 Rd5 33. Rxd5 Qxd5 34.
f3 Re7 35. h4 Qf7 36. Rxe5 Rxe5 37. Qxe5 a4 38. Qa5 Qe8 39. Kf2 Qc8 40. Qxa4
Qc2+ 41. Ke3 Qc1+ 42. Ke4 Qe1+ 43. Kd5 Qd1+ 44. Kc5 Qxf3 45. Qe8+ Kh7 46. Qe5
Qf2+ 47. Kb5 Qxa2 48. b4 Qa7 49. Kc4 Qa2+ 50. Kb5 Qa7 51. h5 Qb7+ 52. Ka4 Qa6+
53. Kb3 Qd3+ 54. Ka2 Qc2+ 55. Ka3 Qd3+ 56. Kb2 Qd2+ 57. Kb3 Qd3+ 58. Qc3 Qd5+
59. Kb2 Qxh5 60. Qd3+ Kh8 61. b5 Qe5+ 62. Kb3 h5 63. Kc4 Qc7+ 64. Kb4 Qe7+ 65.
Ka4 Qa7+ 66. Kb3 Qf7+ 67. Qc4 Qf3+ 68. Qc3 Qd5+ 69. Kb4 Qe4+ 70. Kc5 Qf5+ 71.
Kb6 Qe6+ 72. Kb7 h4 73. gxh4 Qe7+ 74. Kb8 Qxh4 75. b6 Kh7 76. b7 Qd8+ 77. Ka7
Qd7 78. Qc4 Qe7 79. Qd3+ 1-0

[Event "Chess Summer IM"]
[Site "Aarhus"]
[Date "2002.07.07"]
[Round "3"]
[White "Vinter Schou, Uffe"]
[Black "Palo, Davor"]
[Result "0-1"]
[WhiteElo "2342"]
[BlackElo "2394"]
[PlyCount "62"]
[EventDate "2002.07.05"]
[EventType "tourn"]
[EventRounds "9"]
[EventCountry "DEN"]
[EventCategory "6"]
[SourceTitle "CBM 089 Extra"]
[Source "ChessBase"]
[SourceDate "2002.09.10"]

1. e4 c5 2. Nf3 Nc6 3. Bb5 g6 4. O-O Bg7 5. Re1 Nf6 6. Nc3 O-O 7. e5 Ng4 8.
Bxc6 dxc6 9. d3 f6 10. exf6 exf6 11. h3 Nh6 12. Ne4 b6 13. Bf4 g5 14. Be3 Nf7
15. g4 f5 16. gxf5 h6 17. Nh2 Bxf5 18. Qh5 Ne5 19. Ng3 Bg6 20. Qe2 Qd7 21. Kg2
Qd5+ 22. f3 Rf7 23. Ne4 Raf8 24. Rf1 Bh5 25. Ng4 Nxf3 26. Rad1 Bg6 27. c4 Qe6
28. Bc1 Kh8 29. Rf2 h5 30. Nxg5 Nxg5 31. Bxg5 Rxf2+ 0-1